| 000 | 00499nam a2200169 a 4500 | ||
|---|---|---|---|
| 005 | 20140412111343.0 | ||
| 008 | 040212s19uu xx 00 eng d | ||
| 020 | _a971-508-046-4 | ||
| 050 |
_aFil E _bCh43 1998 |
||
| 100 | _aBatnag, Aleli Dew | ||
| 245 |
_aSi Ching na takot sa dilim / _cby Aleli Dew Batnag; Paul Eric Roa. |
||
| 260 |
_aQuezon City : _bAdarna House, _c1998. |
||
| 300 | _a1 v. (unp.) ; ill. | ||
| 650 | _aDarkness--Fiction | ||
| 650 | _aChildren's literature | ||
| 999 |
_c105171 _d105171 |
||